Najbardziej zanieczyszczone państwa w Europie - Statystyki

Ogólne statystyki
  • Ten quiz został rozwiązany 94 razy
  • Średni wynik to 8 z 10
Statystyki odpowiedzi
Wskaźnik zanieczyszczenia Państwo % Poprawnych
19.1 μg/m³ Polska
95%
18.5 μg/m³ Ukraina
93%
25.5 μg/m³ Serbia
87%
16.5 μg/m³ Bułgaria
82%
25.4 μg/m³ Macedonia
82%
19.0 μg/m³ Grecja
79%
25.4 μg/m³ Chorwacja
78%
35.2 μg/m³ Czarnogóra
77%
27.8 μg/m³ Bośnia i Hercegowina
76%
20.0 μg/m³ Turcja
55%
Nie znaleziono quizów pasujących do podanych kryteriów
Rozkład punktacji
Procent ludzi z każdym wynikiem
Percentyl według liczby udzielonych odpowiedzi
Twoja historia wyników
Nie rozwiązałeś tego quizu